| 000 | 00949nam0a22002531 4500 | ||
|---|---|---|---|
| 001 | rc\1156689 | ||
| 005 | 20260407093532.0 | ||
| 035 | _a(NLR Aleph) 006401616 | ||
| 090 |
_a5252049 _c5252049 |
||
| 100 | _a20041129d1980 |||y0rusy50 ca | ||
| 101 | 0 | _arus | |
| 102 | _aRU | ||
| 105 | _aa ||||||||| | ||
| 200 | 1 |
_aПовреждение и репарация ДНК _e[Сб. статей] _fАН СССР, Науч. центр биол. исслед., Ин-т биол. физики _g[Отв. ред. А.И. Газиев] |
|
| 210 |
_aПущино _cНЦБИ АН СССР _d1980 |
||
| 215 |
_a204 с. _cграф. _d22 |
||
| 320 | _aБиблиогр. в конце статей | ||
| 702 | 1 |
_aГазиев _bА.И. _4340 |
|
| 712 | 0 | 2 |
_aИнститут биологической физики _cМосква _3RU\NLR\AUTH\889917173 _9330513 |
| 801 | 0 |
_aRU _bNLR _gpsbo |
|
| 801 | 1 |
_aRU _bELAR _2rusmarc |
|
| 852 |
_aNLR _j81-5/558 |
||
| 942 | _cBOOK | ||
| 980 | _aNB | ||